000 00425nam a22001457a 4500
999 _c7623
_d7621
005 20210316135351.0
008 210316b ||||| |||| 00| 0 eng d
082 _a346.066
100 _aAIYAR, A.N.
_96466
245 _aREPORTS OF COMPANY CASES INCLUDING CASES ON BANKING AND INSURENCE [VOL-107]
260 _aCHENNAI
_bCOMPANY LAW INSTITUTE OF INDIA
_c2001
300 _a608; xxviii,p
650 _aLAW
_95701
942 _cJRL